Statistics for Name The Italian Football Team

Click here to take the quiz!

General Stats

  • This quiz has been taken 78 times
  • The average score is 14 of 15

Answer Stats

Answer% Correct
AC Milan
100%
Juventus
100%
Inter
99%
Lazio
99%
Torino
99%
Atalanta
97%
Cagliari
96%
Napoli
96%
Genoa
91%
Sampdoria
91%
Udinese
90%
Hellas Verona
89%
Sassuolo
87%
Fiorentina
83%
Benevento
80%

Score Distribution

Percentile by Number Answered

Percent of People with Each Score

Your Score History

You have not taken this quiz